• 首页
  • 本馆介绍
  • 公告通知
  • 最新文献
  • 馆藏检索
  • 电子资源
  • 读者导购
  • 参考咨询
  • 我的图书馆
  • 登录
  • 详细信息显示
  • 放入我的书架
  • 预约/预借图书
  • 作者相关作品
  • 分类相关作品
  • 丛书相关作品
  • 出版社相关作品

书目信息

  • 表格格式
  • 工作单格式
  • 卡片格式
题名:
统筹城乡发展 推进社会主义新农村建设
    
 
作者: ;北京市农村经济研究中心 主编
分册:  
出版信息: 北京   中国农业出版社  2006
页数: 339页
开本: 23cm
丛书名:
单 册:
中图分类: F327.1-53
科图分类:
主题词: 农村经济--经济建设--北京市--文集 , 农村经济 , 经济建设
电子资源:
ISBN: 7-109-10689-6
000 01295nam0 2200277 450
001 003118746
005 20070807145611.76
010    @a7-109-10689-6@dCNY35.00
035    @a003118746
100    @a20060116d2006 emky0chiy0110 ea
101 0  @achi
102    @aCN@b110000
105    @aa z 000yy
106    @ar
200 1  @a统筹城乡发展 推进社会主义新农村建设@Atong chou cheng xiang fa zhan tui jin she hui zhu yi xin nong cun jian she@e第三届北京郊区现代化发展论坛文集@Edi san jie bei jing jiao qu xian dai hua fa zhan lun tan wen ji@f北京市农村经济研究中心主编@Fbei jing shi nong cun jing ji yan jiu zhong xin zhu bian
210    @a北京@c中国农业出版社@d2006
215    @a339页@c照片@d23cm
330    @a本书包括“城乡统筹协调发展”、“推进新农村建设”和“发展都市型现代农业”三部分,收录了《北京如何有效地统筹城乡发展》、《新农村建设的经验与教训》、《北京城市化进程中的农业多功能性问题》等论文。
517 1  @a第三届北京郊区现代化发展论坛文集@Adi san jie bei jing jiao qu xian dai hua fa zhan lun tan wen ji
606 0  @a农村经济@x经济建设@y北京市@j文集
606 0  @a农村经济
606 0  @a经济建设
690    @aF327.1-53@v4
711 02 @a北京市农村经济研究中心@Abei jing shi nong cun jing ji yan jiu zhong xin@4主编
801  0 @aCN@bNLC@c20070807
905    @dF327.1-53@e108@f3
    
    统筹城乡发展 推进社会主义新农村建设:第三届北京郊区现代化发展论坛文集/北京市农村经济研究中心主编.-北京:中国农业出版社,2006
    339页:照片;23cm
    
    
    ISBN 7-109-10689-6:CNY35.00
    本书包括“城乡统筹协调发展”、“推进新农村建设”和“发展都市型现代农业”三部分,收录了《北京如何有效地统筹城乡发展》、《新农村建设的经验与教训》、《北京城市化进程中的农业多功能性问题》等论文。
●
相关链接 在E读中查询图书 在五车中查询图书 在当当中查询图书 在豆瓣中查询图书


正题名:统筹城乡发展 推进社会主义新农村建设     索取号:F327.1-53/108         预约/预借

序号 登录号 条形码 馆藏地/架位号 状态 备注
1 0853436   208534362   第一样本阅览室/ [索取号:F327.1-53/108] 在馆    
2 0853437   208534371   第一借阅区/ [索取号:F327.1-53/108] 在馆    
3 0853438   208534380   第一借阅区/ [索取号:F327.1-53/108] 在馆    
唐山师范学院图书馆 欢迎您!
大连网信软件有限公司© 版权所有